000 00208nam a2200085Ia 4500
008 170620s9999 xx 000 0 und d
100 _aMisra S. N.
245 4 _aThe Code of criminal Procedure
260 _bCentral Law Pub.
260 _c2006
999 _c28970
_d28970